Sports Quiz

Random Sports or NBA Quiz

NBA Rebounding Machines (1986-2016) Quiz Stats

 Plays Quiz not verified by Sporcle

Support Sporcle.
Go Orange.
Score 0/14 Timer 05:00
0 Plays Today
Hint Answer % Correct
1987Charles Barkley
98.6%
2004-07Kevin Garnett
97.8%
1991David Robinson
97.1%
2008-10, 2012-13Dwight Howard
97.1%
1992-98Dennis Rodman
95.7%
2011Kevin Love
95%
1989-90Hakeem Olajuwon
94.8%
Hint Answer % Correct
2002-03Ben Wallace
93.1%
2014-15DeAndre Jordan
90.8%
2000-01Dikembe Mutombo
89.7%
1999Chris Webber
87.9%
2016Andre Drummond
84.8%
1986Bill Laimbeer
76.8%
1988Michael Cage
17%

You're not logged in!

Compare scores with friends on all Sporcle quizzes.
OR
Log In

From the Vault

2012 Ballon d'Or Shortlist

by MikeBoynton

Only one of these will win the Ballon d'Or, but a few might fall on d'floor.
Remove Ads.
Support Sporcle.
Get the best of Sporcle when you Go Orange. This ad-free experience offers more features, more stats, and more fun while also helping to support Sporcle. Thank you for becoming a member.

Show Comments

Extras

Top Quizzes Today


Score Distribution

Your Account Isn't Verified!

In order to create a playlist on Sporcle, you need to verify the email address you used during registration. Go to your Sporcle Settings to finish the process.

Report this User

Report this user for behavior that violates our Community Guidelines.

Details: